000 00310 a2200133 4500
005 20250425081508.0
020 _a9-7822253-050933
082 _aF CHA
100 _aCHAPSAL, M.
245 _aUne Saison De Feuilles
260 _aRoman,
_bFayard,
_c1988.
300 _a380p.,
_c18cm.
942 _2ddc
_cBKS
999 _c1644
_d1644